Terribly Spelled U.S. States - Statistics

General Stats
  • This quiz has been taken 33 times
  • The average score is 14 of 14
Answer Stats
Misspelled State Correct Spelling % Correct
Phlorieda Florida
100%
Misisipy Mississippi
100%
Oaklohomuh Oklahoma
100%
Huhwhyee Hawaii
97%
Marielynd Maryland
97%
Mizzoree Missouri
97%
Noo Jirsie New Jersey
97%
Noirth Dacoata North Dakota
97%
Road Izlend Rhode Island
97%
Sowth Dackouta South Dakota
97%
Whyomeeng Wyoming
97%
Looieseeana Louisiana
93%
Masachoosits Massachusetts
93%
Pensillvanya Pennsylvania
93%
No matching quizzes found
Score Distribution
Percent of People with Each Score
Percentile by Number Answered
Your Score History
You have not taken this quiz